000 00919nam a2200253Ia 4500
003 OSt
005 20220923220223.0
006 a|||||r|||| 00| 0
007 ta
008 220922b |||||||| |||| 00| 0 hin d
024 _a185,194
037 _cTextual
040 _aARTS
_cARTS
_bhin
041 _2hin
_ahin
082 _aO152,1NVI3,1, J1
100 _aविद्यांलकर, उमाशंकर वर्मा
_9164051
245 0 _aशकुन्तला
_b प्रबन्ध काव्य
246 _aShakuntalā: prabandha kāvya
260 _aभागलपुर
_b ज्योत्सना निकुन्ज
_c1951
300 _a183 पृ.
_ccm.
650 _aहिन्दी साहित्य
_9156264
942 _hO152,1NVI3,1, J1
_cTEXL
_2CC
999 _c338440
_d338440